000 00494nam a2200181 i 4500
001 129920
003 ES-MaACL
005 20250814011833.0
007 t|
008 070711s1963 sp ||||1| spa d
100 1 _aZulueta, Adrián.
_9118470
245 1 0 _aCuestiones biológicas /
_cAdrián Zulueta.
260 _aMadrid :
_bRazón y Fé,
_c1963.
300 _a430 p. ;
_c25 cm.
650 1 7 _aBiología
_2embne
_910580
852 _aES-MaACL
_jC-22825
_bR.51619
999 _c129920
_d129920